[Event "St Petersburg"]
[Site "St Petersburg"]
[Date "1997.04.20"]
[Round "4"]
[White "Svidler, Peter"]
[Black "Tseitlin, Mark D"]
[Result "1/2-1/2"]
[WhiteElo "2640"]
[BlackElo "2505"]
[Annotator "Gofshtein,L"]
[PlyCount "95"]
[EventDate "1997.??.??"]
[EventType "tourn"]
[EventRounds "11"]
[EventCountry "RUS"]
[EventCategory "14"]
[SourceTitle "CBM 059"]
[Source "ChessBase"]
[SourceDate "1997.08.01"]
[SourceVersion "1"]
[SourceVersionDate "1997.08.01"]
[SourceQuality "1"]

1. e4 c5 2. Nf3 d6 3. d4 cxd4 4. Nxd4 Nf6 5. Nc3 Nc6 6. Bg5 e6 7. Qd2 a6 8.
O-O-O h6 9. Be3 Be7 10. f4 Nxd4 11. Bxd4 b5 12. Qe3 b4 $6 $146 13. Na4 Qc7 14.
Nb6 (14. Bxf6 $5 gxf6 15. Qb6 Ra7 16. Rd4) 14... Rb8 15. Nc4 Qc6 (15... O-O 16.
e5 $36) 16. e5 dxe5 17. Bxe5 Ra8 18. Nd6+ Kf8 (18... Bxd6 19. Rxd6 $16) 19. Qd4
$1 Kg8 20. Bc4 Bb7 21. f5 $2 (21. Nxb7 Qxb7 22. Rhe1 $16) 21... Bxd6 $1 22.
Bxd6 Rc8 23. b3 exf5 $1 24. Be5 Kh7 25. Bxf6 Qxf6 26. Qxf6 gxf6 27. Rd7 Be4 28.
Rhd1 Rhf8 29. g3 a5 30. Ra7 $6 (30. R1d6 Kg6 31. Kd2 $16) 30... Ra8 31. Re7
Rae8 32. Rxe8 Rxe8 33. Rd7 (33. Rd6 Kg6 34. Kd2 $14) 33... Rc8 34. Rxf7+ Kg6
35. Ra7 $6 {Better35.Re7} Rc5 36. Kd2 Bd5 37. Bd3 (37. Kd3 $5) 37... Be4 38.
Re7 Rd5 39. Ra7 h5 $1 $11 40. Re7 h4 41. gxh4 Bxd3 42. cxd3 Rd4 43. h5+ Kxh5
44. Ke3 Rd5 45. d4 Kg6 46. Rc7 Rd8 47. Rc5 Rh8 48. Rxa5 1/2-1/2

[Event "St Petersburg"]
[Site "St Petersburg"]
[Date "1997.04.23"]
[Round "7"]
[White "Tseitlin, Mark D"]
[Black "Epishin, Vladimir"]
[Result "1/2-1/2"]
[WhiteElo "2505"]
[BlackElo "2600"]
[Annotator "Gofshtein,L"]
[PlyCount "130"]
[EventDate "1997.??.??"]
[EventType "tourn"]
[EventRounds "11"]
[EventCountry "RUS"]
[EventCategory "14"]
[SourceTitle "CBM 059"]
[Source "ChessBase"]
[SourceDate "1997.08.01"]
[SourceVersion "1"]
[SourceVersionDate "1997.08.01"]
[SourceQuality "1"]

1. e4 c5 2. Nf3 d6 3. d4 cxd4 4. Nxd4 Nf6 5. Nc3 Nc6 6. Bg5 e6 7. Qd2 a6 8.
O-O-O Nxd4 9. Qxd4 Be7 10. f4 b5 11. Bxf6 gxf6 (11... Bxf6 $2 12. e5 dxe5 13.
Qc5 $1 Bd7 14. Nxb5 $1 Be7 15. Nc7+ Kf8 16. Qxe5 $18) 12. Be2 Qc7 13. f5 Qc5
14. Qxc5 dxc5 15. fxe6 fxe6 16. Bh5+ Kf8 17. Rhf1 $6 (17. e5 $142 $1 f5 18. g4
b4 (18... Ra7 19. gxf5 exf5 20. Nd5 Bg5+ 21. Kb1 Be6 22. Rhg1 Rg8 23. Nf4 Bxf4
24. Rd8+ Ke7 25. Rdxg8 Bxg8 26. Rg7+ $16 {Short-Yermolinsky 1997}) 19. Ne2 Ra7
20. gxf5 exf5 21. Nf4 $16 {Palac-Smirin,euch-tm 1997}) 17... Ra7 18. e5 f5 19.
g4 Kg7 20. Rd3 $6 (20. gxf5 $142 exf5 21. Nd5 Bg5+ 22. Kb1 $11) 20... c4 21.
Rh3 Rf8 22. gxf5 Rxf5 23. Rxf5 exf5 24. Rg3+ (24. Bf3 $2 f4 25. Rh5 Be6 $17 {
With idea Bf7}) 24... Kh6 25. Rh3 Bg5+ 26. Kd1 $2 (26. Kb1 $142 Bf4 (26... Re7
27. Bf3+ Kg6 28. Rg3 Rxe5 (28... f4 29. Rg1 Kh6 30. h4 $1 Bxh4 31. Rh1 Kg5 32.
Rg1+ $11) 29. h4 Re1+ 30. Nd1 h6 31. hxg5 hxg5 32. Kc1 f4 33. Rg2 Bh3 34. Rh2
g4 35. Kd2 $13) 27. e6 Kg7 28. Bf7 Bxe6 29. Bxe6 Re7 30. a4 Rxe6 31. axb5 axb5
32. Nxb5 $17) 26... Rd7+ 27. Ke1 Re7 28. Be2+ Kg6 29. Rg3 f4 30. Rg1 Rxe5 31.
h4 f3 32. hxg5 fxe2 33. Nxe2 Rxg5 34. Rf1 Re5 35. Rg1+ Kf6 (35... Kf7 $5 $17)
36. Kf2 Rf5+ 37. Ke3 Re5+ 38. Kf2 Bf5 (38... h5 39. Rg8 Bg4 40. Nd4 Rd5 41. c3
b4 $17) 39. Rg8 Bxc2 40. Ra8 Re6 $2 (40... Bd3 $142 41. Rxa6+ Kg5 42. Nd4 Re4
$17) 41. Nd4 Rd6 42. Nxc2 Rd2+ 43. Ke3 Rxc2 44. Rxa6+ Kg5 45. Ra5 $1 Rxb2 46.
a4 Rb3+ 47. Ke4 h5 (47... c3 48. Kd3 $11) 48. Rxb5+ Kg4 49. Rc5 h4 (49... c3
50. Rc8 $11) 50. Rxc4 h3 51. Kd5+ $11 Kg5 52. Rc8 Ra3 53. Ke4 Ra1 54. Rg8+ Kh4
55. Kf3 Rf1+ 56. Ke2 Rf4 57. Rh8+ Kg3 58. Rg8+ Kh2 59. a5 Ra4 60. Rg5 Kh1 61.
Kf2 Ra2+ 62. Kf1 Ra1+ 63. Kf2 Ra2+ 64. Kf1 Ra1+ 65. Kf2 Ra2+ 1/2-1/2

[Event "Olympiad-36"]
[Site "Mallorca"]
[Date "2004.10.15"]
[Round "1"]
[White "Arizmendi Martinez, Julen Luis"]
[Black "Chikhaoui, Walid"]
[Result "1-0"]
[WhiteElo "2531"]
[BlackElo "2324"]
[Annotator "Gofshtein,L"]
[PlyCount "97"]
[EventDate "2004.10.15"]
[EventType "team-swiss"]
[EventRounds "14"]
[EventCountry "ESP"]
[SourceTitle "CBM 104"]
[Source "ChessBase"]
[SourceDate "2005.01.27"]
[SourceVersion "1"]
[SourceVersionDate "2005.01.27"]
[SourceQuality "1"]
[WhiteTeam "Spain"]
[BlackTeam "Tunisia"]
[WhiteTeamCountry "ESP"]
[BlackTeamCountry "TUN"]

1. e4 c5 2. Nf3 d6 3. d4 cxd4 4. Nxd4 Nf6 5. Nc3 Nc6 6. Bg5 e6 7. Qd2 a6 8.
O-O-O h6 9. Nxc6 bxc6 10. Bf4 d5 11. Qe3 Be7 12. Be2 Qa5 $6 {A dubious move,
which is probably the cause of black's problems. The usual 14...0-0 deserves
attention.} (12... O-O $5 13. h4 (13. Qg3 Kh8 14. Bc7 Qd7 15. Be5 Ne8 16. exd5
exd5 17. Rhe1 Qb7 18. Bd3 Bf6 $132 {1-0 Gallagher,J-Vuilleumier,A/Lenk 2003/
CBM 93 ext (38)}) 13... Nd7 $5 14. Qg3 Kh8 15. Bc7 Qe8 16. Rhe1 Bb7 $132 {
1-0 Bluvshtein,M-Krush,I/New York 2003/CBM 95 (56)}) 13. Qg3 {White prevents
the castling, and creats threats to the black king.} (13. Kb1 O-O 14. e5 Nh7
15. h4 Rb8 $132 {0-1 Rosi,A-Sorsa,M/Finland 2000/EXT 2001 (27)}) (13. exd5 $5
Nxd5 14. Nxd5 cxd5 15. Be5 O-O 16. Kb1 Bd7 17. Qg3 f6 18. Bf4 Kh7 19. c4 Bc6
20. Bd3+ $36 {1-0 Kotronias,V-Carlsen,M/Gausdal 2002/CBM 87 ext (36)}) 13...
Kf8 (13... dxe4 14. h4 (14. Qxg7 Rg8 15. Qxh6 Ra7 $146 (15... Qf5 16. g4 $1 (
16. Bd6 $6 Nd5 17. Bxe7 Nxc3 18. bxc3 Kxe7 $132 {0-1 Nataf,I-Te Llalemand,R/
Cappelle la Grande 2000/CBM 74 ext (62)}) 16... Nxg4 17. Bxg4 Qxg4 18. Nxe4 $36
) (15... Nd5 16. Nxd5 cxd5 17. Qh7 Rf8 18. Kb1 $36) 16. Bd6 $5 (16. g4 $5)
16... Rb7 {[%cal Rb7b2]} (16... Qg5+ 17. Qxg5 Rxg5 18. g4 $18) 17. Bxe7 Kxe7
18. Qf4 $1 $36 {[%csl Yd6][%cal Rf4d6,Rd1d6] 1-0 Kurnosov,I-Werle,J/Groningen
2003/CBM 99/}) 14... Qf5 15. Bd6 Nd5 16. Bxe7 Kxe7 17. Qxg7 $16 {1-0 Dzhumaev,
M-Murshed,N/Mumbai 2004/CBM 98 ext (25)}) (13... Rg8 14. Bd6 $36 {1-0
Iordachescu,V-Babaev,R/Saint Vincent 2003/CBM 92 ext (32)}) (13... g5 14. Be5
Rg8 15. Rhe1 $36 {1/2-1/2 Vuckovic,B-Florean,A/Calicut 1998/CBM 67 ext (25)})
14. Bd6 $5 $146 {White exchanges the dark squared bishops and is trying to get
a control of the weak dark squares in the black position.} (14. Be5 $5 Ra7 15.
f4 Rb7 16. Rhf1 Rg8 17. exd5 cxd5 18. f5 $36 {0-1 Kristjansson,S-Thorhallsson,
T/Strandgotu 2001/EXT 2002 (50)}) 14... Ne8 15. Bxe7+ Kxe7 16. f4 $5 {White
wants to open the position in order to take advantage of the bad position of
the black king.} Rb8 (16... Kf8 $5) 17. f5 Qc7 18. Qh4+ Nf6 {With the idea
after 19...Rd8 and Kf8 to consolidate his position.} (18... Kf8 19. fxe6 Bxe6
20. exd5 cxd5 21. Qd4 $16 {[%csl Ra6,Rd5]}) 19. Rhe1 {[%cal Ye1e5] Bringing
the rook to the centre and strengthening the pressure along the e-file.} dxe4
$6 {In case of 19...Rad8 white has the initiative, but anyway black should
have preferred this move.} (19... Rd8 20. Bf3 (20. Bd3 d4 (20... e5 21. exd5
cxd5 22. Rxe5+ Qxe5 23. Re1 Qxe1+ 24. Qxe1+ Kf8 25. Qe5 $16) 21. e5 dxc3 22.
exf6+ gxf6 23. fxe6 cxb2+ 24. Kb1 Bxe6 $13) 20... Kf8 21. e5 $36) 20. Nxe4 Qe5
21. Nc3 {21.c3 was also extremely dangerous for black.} (21. c3 $5 Qxe4 (21...
g5 22. fxg6 Qxe4 23. Qg3) (21... Qxf5 22. Qg3 $1 (22. Bf3 g5) 22... e5 23. Nd6
$1 Qg5+ 24. Qxg5 hxg5 25. Nxc8+ Rbxc8 26. Bxa6 Rce8 27. Rxe5+ Kf8 28. Rxe8+
Nxe8 29. h3 $18) 22. Qg3 $18 {[%cal Rg3b8,Gg3d6]}) 21... Qxf5 {As the
variations show 21...Qe3 didn't bring any salvation as well.} (21... Qe3+ 22.
Rd2 Rxb2 (22... Rd8 23. Bd3 Qg5 24. Qf2 $36) 23. Kxb2 Qxd2 24. Rd1 Qe3 25. Qb4+
c5 26. Qb8 $18) 22. Qd4 $1 {[%cal Rd4d6]} Nd5 23. Qc5+ Kd7 (23... Ke8 24. Nxd5
Qg5+ 25. Kb1 cxd5 26. Qc7 $18) 24. Nxd5 cxd5 25. Rxd5+ $1 {White gets a queen
for the pair of rooks. His pieces coordination is much superior, that's why
his advantage is clear.} Qxd5 (25... exd5 26. Bg4 $18) 26. Rd1 Qxd1+ 27. Bxd1
Bb7 28. c3 {[%cal Rd1a4]} Bc6 {Defending against the threat Bd1-a4.} 29. Qa7+
Rb7 30. Qd4+ Ke7 31. Qxg7 $16 Rhb8 32. b3 Rd8 33. Qxh6 {Now white besides a
positional advantage also has a material one.} Rbd7 34. Bc2 Rd2 35. Qg5+ Ke8
36. Qg8+ Ke7 37. Qg5+ Ke8 38. Qxd2 Rxd2 39. Kxd2 Bxg2 40. Ke3 $18 {White's
passed pawns on the opposite flanks and an active king position define his
superioty.} Ke7 {40...Bb7 was more stubborn also white wins in this case too.}
(40... Bb7 41. Be4 Bc8 42. h4 f5 43. Bf3 Kf7 44. b4 e5 45. a4 Kf6 46. Bc6 $18)
41. Be4 Bf1 {Again 41...Bh3 was more stubborn.} (41... Bh3 42. b4 e5 43. Bd3
Bc8 44. c4 f5 45. c5 Kf6 46. a4 e4 47. Bxa6 Bxa6 48. b5 Bc8 49. c6 $18) 42. Bd3
$1 Bg2 43. Bxa6 f5 44. Bc8 {Making a way for the a-pawn and disturbing black
from moving his pawns.} Kf6 45. a4 e5 46. a5 Bh3 47. Kf2 e4 48. Bb7 Ke5 49. a6
1-0

[Event "RUS-Cup6"]
[Site "Krasnodar"]
[Date "1997.??.??"]
[Round "6"]
[White "Dolmatov, Sergey"]
[Black "Prokopchuk, Evgeny"]
[Result "1-0"]
[WhiteElo "2560"]
[BlackElo "2440"]
[Annotator "Gofshtein,L"]
[PlyCount "109"]
[EventDate "1997.03.11"]
[EventType "swiss"]
[EventRounds "9"]
[EventCountry "RUS"]
[SourceTitle "EXT 2000"]
[Source "ChessBase"]
[SourceDate "1999.11.16"]
[SourceVersion "1"]
[SourceVersionDate "1999.11.16"]
[SourceQuality "1"]

1. e4 {Hecht} c5 2. Nf3 d6 3. d4 cxd4 4. Nxd4 Nf6 5. Nc3 Nc6 6. Bg5 e6 7. Qd2
a6 8. O-O-O h6 9. Bf4 Bd7 10. Nxc6 Bxc6 11. f3 d5 12. Qe1 Bb4 13. a3 Ba5 14. b4
Bb6 15. exd5 Bxd5 16. Be5 O-O 17. Qh4 Be3+ 18. Kb2 Bg5 19. Qd4 Bc6 20. a4 $5 (
20. Qxd8 Rfxd8 21. Bd3 Nd5 22. Nxd5 Rxd5 23. Bc3 Rad8 24. Rde1 Bb5 25. Bxb5
Rxb5 26. Re4 Rbd5 27. Rhe1 b5 $11 {Tivjakov-Shirov,96}) 20... Qxd4 21. Bxd4
Rfd8 22. Bc4 b5 $6 (22... Nd5 $5 23. Bxd5 Bxd5 24. Nxd5 Rxd5 25. c4 Rxd4 26.
Rxd4 Bf6 27. Rhd1 $14) (22... Rac8 23. Kb3 Nd5 24. Bxd5 Bxd5+ 25. Nxd5 Rxd5 26.
c4 Rd6 27. Bc5 Rdc6 28. a5 Bd8 29. Rd7 Bxa5 30. Rxb7 Bc7 31. Be7 Bd6 32. Bxd6
Rxd6 33. Rc1 $16 {Ivanov.A-Thorhallsson.TH,Philadelphia96}) 23. axb5 axb5 24.
Bxb5 Rdb8 (24... Rab8 25. Be5) 25. h4 $1 Bf4 26. g3 $1 Bxb5 (26... Bxf3 27.
Bxf6 $18) 27. gxf4 Bc6 (27... Bc4 $5 28. Bc5 Nd5 $14) 28. Kb3 $1 Nd5 (28...
Bxf3 $2 29. Rhg1 Bxd1 30. Bxf6 $18) 29. Nxd5 Bxd5+ 30. c4 Bxf3 31. Be5 Rb6 32.
Rhg1 Bxd1+ 33. Rxd1 f6 34. Bc3 $18 Rb7 35. c5 Kf7 36. Kc4 Rab8 37. Rd6 Ke7 38.
Ra6 Rb5 39. h5 Kd7 40. Be1 Ke7 41. Ra7+ R8b7 42. Rxb7+ Rxb7 {Hecht: einfacher
Freibauerntriumph dank passiv stehender schwarzer Figuren} 43. b5 Rd7 44. b6
Kd8 45. Kb5 Rd1 46. Bb4 Rb1 47. c6 Kc8 48. Kc5 Kb8 49. b7 Kc7 50. Ba5+ Kb8 51.
Kd6 Rd1+ 52. Kxe6 Re1+ 53. Kd6 Rd1+ 54. Kc5 Rc1+ (54... Rb1 {Hecht} 55. Bd8 {
[%cal Rd8e7,Re7d6]} Re1 56. Kb5 Rb1+ 57. Ka6 Ra1+ 58. Ba5 $18) 55. Kb6 1-0

[Event "EU-chT (Men) 11th"]
[Site "Pula"]
[Date "1997.05.??"]
[Round "3.3"]
[White "Palac, Mladen"]
[Black "Smirin, Ilia"]
[Result "1-0"]
[WhiteElo "2595"]
[BlackElo "2575"]
[Annotator "Gofshtein,L"]
[PlyCount "97"]
[EventDate "1997.05.05"]
[EventType "team-swiss"]
[EventRounds "9"]
[EventCountry "CRO"]
[SourceTitle "CBM 057 Extra"]
[Source "ChessBase"]
[SourceDate "1997.05.01"]
[SourceVersion "1"]
[SourceVersionDate "1997.05.01"]
[SourceQuality "1"]
[WhiteTeam "Croatia"]
[BlackTeam "Israel"]
[WhiteTeamCountry "CRO"]
[BlackTeamCountry "ISR"]

1. e4 c5 2. Nf3 d6 3. d4 cxd4 4. Nxd4 Nf6 5. Nc3 Nc6 6. Bg5 e6 7. Qd2 a6 8.
O-O-O Nxd4 9. Qxd4 Be7 10. f4 b5 11. Bxf6 gxf6 (11... Bxf6 $2 12. e5 dxe5 13.
Qc5 Bd7 14. Nxb5 Be7 15. Nc7+ Kf8 16. Qxe5 $18) 12. Be2 (12. Bd3 Qc7 13. Qe3
Qc5 14. Qg3 b4 15. Ne2 a5 16. Kb1 Kf8 17. Qh3 h5 18. Rc1 $13 {Kasparov-Kramnik,
Amsterdam 96}) (12. f5 Qa5 13. Kb1 b4 14. Ne2 e5 15. Qe3 Bb7 16. Ng3 d5 17. Bd3
O-O-O 18. Qe2 h5 19. exd5 h4 20. Ne4 Rxd5 $11 {Khalifman-Hrachek,Erevan 96}) (
12. e5 d5 13. Kb1 Rg8 $5 $13) 12... Qc7 13. f5 Qc5 14. Qxc5 dxc5 15. fxe6 fxe6
16. Bh5+ Kf8 17. e5 $1 (17. Rhf1 Ra7 18. e5 f5 19. g4 Kg7 $11) 17... f5 18. g4
b4 $146 (18... Ra7 19. gxf5 exf5 20. Nd5 Bg5+ 21. Kb1 Be6 22. Rhg1 Rg8 23. Nf4
Bxf4 24. Rd8+ Ke7 25. Rdxg8 Bxg8 26. Rg7+ $16 {SHORT-ERMOLINSKY,Wijk Aan Zee 97
}) 19. Ne2 Ra7 20. gxf5 exf5 21. Nf4 $1 Bg5 22. Kb1 Bxf4 23. Rd8+ Kg7 24. Rg1+
Bg5 25. Rd6 $1 Rf8 26. Rxg5+ Kh8 27. Rf6 Rd8 28. Rc6 Rad7 29. b3 Rd5 30. e6 Re5
31. Bf7 Re1+ 32. Kb2 f4 33. Rcxc5 Bxe6 $2 (33... f3 $1 34. Rcd5 Rf8 $1 $16) 34.
Bxe6 Rxe6 35. Rcf5 Re4 36. Rg4 Re2 37. Rgxf4 $18 Rxh2 38. Rxb4 Rc8 39. Rc4 Rxc4
40. bxc4 Kg7 41. c5 Kg6 42. c6 Re2 43. Rc5 Re8 44. Kc3 h5 45. Kb4 h4 46. Rc3
Kh5 47. c7 Rc8 48. Ka5 h3 49. Kb6 1-0

[Event "EU-chT (Men) 11th"]
[Site "Pula"]
[Date "1997.05.??"]
[Round "6.2"]
[White "Sulskis, Sarunas"]
[Black "Lanka, Zigurds"]
[Result "0-1"]
[WhiteElo "2525"]
[BlackElo "2575"]
[Annotator "Gofshtein,L"]
[PlyCount "112"]
[EventDate "1997.05.05"]
[EventType "team-swiss"]
[EventRounds "9"]
[EventCountry "CRO"]
[SourceTitle "CBM 057 Extra"]
[Source "ChessBase"]
[SourceDate "1997.05.01"]
[SourceVersion "1"]
[SourceVersionDate "1997.05.01"]
[SourceQuality "1"]
[WhiteTeam "Lithuania"]
[BlackTeam "Latvia"]
[WhiteTeamCountry "LTU"]
[BlackTeamCountry "LAT"]

1. e4 c5 2. Nf3 d6 3. d4 cxd4 4. Nxd4 Nf6 5. Nc3 Nc6 6. Bg5 e6 7. Qd2 a6 8.
O-O-O h6 9. Be3 Bd7 10. f4 Be7 11. Bd3 (11. h3 $5) 11... Ng4 12. Nxc6 (12. Bg1
Nxd4 13. Bxd4 e5 14. Bg1 exf4 15. Nd5 Ne3 16. Nxe3 fxe3 17. Bxe3 Be6 18. Kb1
O-O 19. h3 Bf6 20. Rhf1 Qe7 $132 {Mazaliov-Galjamova-Ivanchuk,Russia96}) 12...
Bxc6 (12... bxc6 13. Bg1 Qc7 14. h3 Nf6 15. g4 c5 16. g5 hxg5 17. fxg5 Ng4 18.
Be2 Ne5 19. h4 g6 $6 20. Be3 $13 {Timoshenko.G-Shirov.A Tbilisi89}) 13. Bg1 Nf6
14. Kb1 $6 (14. Qe2 Qc7 15. g4) 14... Qc7 15. f5 $2 (15. Bd4) 15... e5 16. g4
$6 (16. Bf2) 16... O-O-O 17. Qg2 d5 18. Bf2 dxe4 19. Nxe4 Rd7 $1 20. Qf3 Rhd8
21. Rc1 Bd5 $1 22. Bg3 Qc6 $19 23. Rhe1 Nxe4 24. Rxe4 Bg5 25. c4 Bxe4 26. Bxe4
Qc5 27. Re1 Bd2 28. Re2 Qg1+ 29. Kc2 Bf4 30. Be1 Qc5 31. Qc3 Rd1 32. Kb3 Rc1
33. Qb4 Qxb4+ 34. Bxb4 Rg1 35. Bd5 Rd7 36. f6 gxf6 37. h3 Rg3+ 38. Ka4 Rxh3 39.
Ka5 Re3 40. Rc2 e4 41. Bc5 Re1 42. Bf2 Rf1 43. Re2 e3 44. Bxe3 Re7 45. Bxf4
Rxe2 46. Bxh6 Rxb2 47. a3 Kb8 48. Bxf7 Rf3 49. Bf8 Ka7 50. Bb4 b6+ 51. Ka4 Rf4
52. Be6 Re4 53. Bd5 Rxg4 54. Bc3 b5+ 55. Ka5 Rb3 56. Bb4 Rxc4 0-1

[Event "EU-chT (Men) 11th"]
[Site "Pula"]
[Date "1997.05.??"]
[Round "7.2"]
[White "Yudasin, Leonid"]
[Black "Svidler, Peter"]
[Result "1/2-1/2"]
[WhiteElo "2600"]
[BlackElo "2640"]
[Annotator "Gofshtein,L"]
[PlyCount "78"]
[EventDate "1997.05.05"]
[EventType "team-swiss"]
[EventRounds "9"]
[EventCountry "CRO"]
[SourceTitle "CBM 057 Extra"]
[Source "ChessBase"]
[SourceDate "1997.05.01"]
[SourceVersion "1"]
[SourceVersionDate "1997.05.01"]
[SourceQuality "1"]
[WhiteTeam "Israel"]
[BlackTeam "Russia"]
[WhiteTeamCountry "ISR"]
[BlackTeamCountry "RUS"]

1. e4 c5 2. Nf3 d6 3. d4 cxd4 4. Nxd4 Nf6 5. Nc3 Nc6 6. Bg5 e6 7. Qd2 a6 8.
O-O-O h6 9. Be3 Be7 10. f4 Bd7 11. h3 (11. Be2 b5 12. Bf3 Rc8 13. g4 Na5 14. b3
Qc7 15. Nce2 e5 16. Nf5 Bxf5 17. gxf5 O-O 18. Rhg1 Kh7 19. Rg3 Nc6 20. Rdg1 $40
{Arnasson-Stefansson,Island96}) 11... b5 12. Bd3 Nxd4 13. Bxd4 b4 14. Ne2 e5
15. Be3 (15. fxe5 dxe5 16. Bxe5 Qa5 17. Bxf6 Qxa2 $17) 15... Qa5 16. Kb1 O-O (
16... Be6 17. b3 (17. Nc1 exf4 18. Bxf4 O-O 19. g4 d5 20. Nb3 Qb6 21. exd5 Nxd5
22. Bxh6 a5 $17 {BRANKOVICH-NEVEDNICHY,NIC96}) 17... O-O 18. Rhf1 Rfd8 19. f5
Bd7 20. Bxh6 gxh6 21. Qxh6 Nh7 22. f6 Bf8 23. Qh5 Qc7 24. Bc4 $40 {BorrisM.
-WellsP,Budarest96}) 17. g4 (17. Rhf1 Rfd8 18. Nc1 Bc8 19. Nb3 Qc7 20. Qxb4 a5
21. Bb6 {OLL.L-Vaiser.A,HELSINKI91}) (17. f5 Bc6 18. Ng3 Rfc8 19. Rhf1 Bf8 20.
Qe2 d5 $132 {WIERSMA.E-HOEKSEMA.H,Leeuwarden,93}) 17... Be6 $146 (17... Rfd8
18. fxe5 (18. g5 hxg5 19. fxe5 dxe5 20. Bxg5 Be6 21. Nc1 Nh5 $13) 18... dxe5
19. Ng3 Be6 20. b3 Ne8 21. Qf2 $40) (17... exf4 18. Nxf4 Bc6 19. Bd4 Nxe4 20.
Qe3 d5 21. Bxe4 dxe4 22. h4 $36) 18. b3 d5 19. f5 (19. exd5 Bxd5 20. fxe5 Ne4
21. Qe1 Bg5 $44) 19... dxe4 20. fxe6 exd3 21. exf7+ Kxf7 22. Qxd3 Qb5 $1 23. c4
$1 bxc3 24. Nxc3 Qxd3+ 25. Rxd3 Ke6 26. Re1 Rad8 27. Bd4 Nd7 28. Na4 Rf4 29.
Bg1 Rb8 30. Nc3 Rc4 31. Nd5 Bg5 $132 32. Nb6 Nxb6 33. bxc4 Nxc4+ 34. Kc2 (34.
Rb3 $2 Nd2+ $19) 34... Bf4 35. Rb3 Rc8 36. Rc3 Bg5 37. Re2 Bf6 38. Kb3 Na5+ 39.
Kc2 Nc4 $11 1/2-1/2

[Event "DEN-ch"]
[Site "Esbjerg"]
[Date "1997.03.27"]
[Round "6"]
[White "Larsen, Bent"]
[Black "Hansen, Curt"]
[Result "1-0"]
[WhiteElo "2520"]
[BlackElo "2605"]
[Annotator "Gofshtein,L"]
[PlyCount "111"]
[EventDate "1997.03.22"]
[EventType "tourn"]
[EventRounds "9"]
[EventCountry "DEN"]
[EventCategory "10"]
[SourceTitle "CBM 060"]
[Source "ChessBase"]
[SourceDate "1997.09.29"]
[SourceVersion "1"]
[SourceVersionDate "1997.09.29"]
[SourceQuality "1"]

1. e4 c5 2. Nc3 Nc6 3. Nf3 d6 4. d4 cxd4 5. Nxd4 Nf6 6. Bg5 e6 7. Qd2 a6 8.
O-O-O h6 9. Be3 Be7 10. f4 Nxd4 11. Bxd4 b5 12. Bd3 (12. Qe3 Qc7 13. e5 dxe5
14. fxe5 Nd7 15. Ne4 Bb7 16. Nd6+ Qxd6 17. exd6 Bg5 18. Qxg5 hxg5 19. Bxg7 $14)
(12. Kb1) 12... b4 13. Ne2 Qa5 14. Kb1 e5 15. Bf2 (15. Be3 O-O 16. Ng3 (16.
Rhe1 $143 $6 Rb8 17. Nc1 Rd8 18. Ba7 Rb7 19. Bg1 Bg4 20. Nb3 Qa4 21. Rc1 exf4
22. Qxf4 Be6 {Hubner-Kramnik,Dortmund 1996}) 16... Rd8 17. f5 d5 18. Qf2 Rb8
$132 {Dvoiris-Svidler,1997 Elista}) 15... O-O (15... Be6 16. Nc1 O-O (16...
exf4 $5 17. Qxf4 Qe5 18. Ne2 O-O 19. Bd4 Qa5 20. b3 Nd7 21. Rhf1 Qg5 22. Qxg5
Bxg5 {with good counterplay, Shmuter-Kiselev,1990 Pula.}) 17. f5 Bc8 18. Nb3
Qc7 19. Qe2 Bb7 20. Nd2 a5 21. c4 bxc3 22. Rc1 d5 $132 {Kaiumov,D-Murugan,K,
1997 Calcutta}) 16. h3 Rd8 (16... Be6 17. b3 d5 18. fxe5 Nxe4 19. Bxe4 dxe4 20.
Qd4 Rfd8 21. Qxe4 Bd5 22. Qg4 Be6 23. Qg3 Bf5 $36) 17. Rhe1 d5 (17... Bb7 18.
Ng3 Bf8 $132) 18. fxe5 Nxe4 19. Qe3 Bc5 $6 (19... Bg5 $1 20. Qb6 Qxb6 21. Bxb6
Re8 $11) 20. Nd4 Be6 $2 (20... Bf5 $5) 21. g4 Rab8 22. Bxe4 dxe4 23. b3 Bd5 24.
Qg3 $14 {with the idea Nf5.} Qb6 25. Be3 {Agan with the idea Nf5} Bxb3 $2 {
A mistake, Bd4 was necessary:} (25... Bxd4 26. Rxd4 Bc6 $14) 26. axb3 Bxd4 27.
Rxd4 $1 Rxd4 28. e6 Rbd8 29. e7 Rd1+ 30. Bc1 Rxc1+ 31. Kxc1 Re8 32. Rxe4 f6 33.
Qd3 $16 {Now white has a clear advantage} Qc6 $8 34. Rxb4 Rxe7 35. Kb2 {
With a pawn majority on the queen side, and Black's weak king, White has the
better game.} Kf7 36. Rd4 Qe6 37. h4 {with the idea h4-h5.} Qe5 38. Ka2 Rc7 (
38... Qe2 39. Ka3 Qxd3 40. Rxd3 Re4 41. c4 $18) 39. Rd7+ Ke8 $2 (39... Rxd7 40.
Qxd7+ Qe7 (40... Kf8 41. Qc8+ $18) 41. Qxe7+ Kxe7 42. Kb2 f5 43. gxf5 Kf6 44.
c4 Kxf5 45. h5 g5 46. hxg6 Kxg6 $11) 40. Rd8+ Kf7 41. Ra8 Qe6 (41... Qa5+ 42.
Kb2 Qe5+ 43. c3 Qh2+ 44. Ka3 Qxh4 45. Qd8 $18) 42. h5 $18 f5 43. Rxa6 Qe4 44.
Qxe4 fxe4 45. Kb2 e3 46. Ra1 Kf6 47. Re1 Re7 48. c4 Kg5 49. b4 Kxg4 50. b5 Rc7
(50... Kf3 51. b6 Kf2 52. Rc1 e2 53. c5 e1=Q 54. Rxe1 Rxe1 55. b7 Re8 56. c6
Rb8 57. Kc3 $18) 51. Kc3 Kf3 52. Kb4 Kf2 53. Rc1 e2 54. c5 e1=Q+ 55. Rxe1 Kxe1
56. b6 1-0

[Event "Czerniak Memorial 13th"]
[Site "Tel Aviv"]
[Date "1997.??.??"]
[Round "3"]
[White "David, Alberto"]
[Black "Avrukh, Boris"]
[Result "1/2-1/2"]
[WhiteElo "2455"]
[BlackElo "2520"]
[Annotator "Gofshtein,L"]
[PlyCount "55"]
[EventDate "1997.04.04"]
[EventType "tourn"]
[EventRounds "11"]
[EventCountry "ISR"]
[EventCategory "10"]
[SourceTitle "CBM 059"]
[Source "ChessBase"]
[SourceDate "1997.08.01"]
[SourceVersion "1"]
[SourceVersionDate "1997.08.01"]
[SourceQuality "1"]

1. e4 c5 2. Nf3 d6 3. d4 cxd4 4. Nxd4 Nf6 5. Nc3 Nc6 6. Bg5 e6 7. Qd2 a6 8.
O-O-O h6 9. Be3 Be7 10. f4 Nxd4 11. Bxd4 b5 12. Kb1 b4 (12... Bb7 13. Bd3 O-O
14. e5 dxe5 15. fxe5 Nd7 16. Ne4 Bxe4 17. Bxe4 Rc8 18. c3 Qc7 19. Qe2 $14) 13.
Na4 Rb8 (13... Nxe4 14. Qxb4 d5 15. Qe1 O-O 16. Bd3 f5 17. g4 Bf6 18. gxf5 exf5
19. Bxe4 fxe4 20. Nc3 Be6 21. Rf1 $14 {Palac-Khalifman,Vienna}) 14. e5 (14. Qe3
O-O 15. b3 Bd7 16. Nb2 Bb5 17. Bd3 Qc7 18. g4 Rfc8 19. Qg3 $14 {Magem-Gomes
Spain96} Nd7) 14... dxe5 15. Bxe5 Bd7 16. Qf2 (16. Bxb8 Qxb8 17. b3 Bxa4 18.
bxa4 Nd5 $40) 16... Nd5 (16... Ra8 17. Bxf6 gxf6 18. Qe3 $14) 17. Rxd5 $6 (17.
Nc5 Qb6 18. Bd4 $16) 17... exd5 18. Bxb8 Qxb8 19. Nc5 Qb6 20. Nd3 Qxf2 21. Nxf2
a5 22. Nd3 (22. g3) 22... Bf5 23. Ne5 Be4 24. Bb5+ Kf8 25. Bd3 g5 (25... Bxg2
26. Rg1 Be4 (26... Bh3 $2 27. Bg6 $1) 27. Bxe4 dxe4 28. Re1 $11) 26. Bxe4 dxe4
27. Re1 gxf4 28. Rxe4 1/2-1/2